000 00686 a2200193 4500
003 OSt
005 20230322112117.0
008 220726b2017 mx adb|f |||| 001 0 spa d
020 _a9786074029475
040 _cCHAP
082 0 4 _a333.715
_bE56
245 0 0 _aUn enfoque práctico para la sustentabilidad /
_ccoordinado por Víctor Manuel García Izaguirre
264 1 _aMéxico :
_bPlaza y Valdés,
_c2017.
300 _a387 páginas
_bilustraciones, cuadros, gráficas, mapas
650 2 _9131313
_aDesarrollo sustentable
_xAspectos ambientales
650 2 _9136893
_aDesarrollo rural
_xAspectos económicos
700 1 _9133639
_aGarcía Izaguirre, Víctor Manuel
942 _2ddc
_cLIBRO
999 _c217352
_d217352